000
00282nam a2200121 a 4500
008
101027s1964|||| d
245
1
0
_a
Ja musím byť zbojník
100
1
_a
Milota, Vlastimil
260
_b
VPL
_a
Bratislava
_c
1964
020
_c
11
041
_a
slo
044
_a
xo
_c
SK
999
_c
12367
_d
12367